000 00717nam a2200229Ia 4500
003 OSt
005 20220925210901.0
006 a|||||r|||| 00| 0
007 ta
008 220923b |||||||| |||| 00| 0 eng d
037 _cGeneral Book
040 _aRTL
_cRTL
_beng
041 _2eng
_aeng
082 _aX.282.N66<--N57, K6/GD
110 _aRajasthan, Economics and Statistics (Directorate of-)
_9273363
245 0 _aFifteen years of Rajasthan
_b Economy
260 _aJaipur
_bGovt. Press
_c1966
300 _a116p.
_ccm.
700 _aRajasthan, Economics and Statistics (Directorate of-)
_9273364
942 _hX.282.N66<--N57, K6/GD
_cGB
_2CC
999 _c556153
_d556153